[Event "European Youth Chess Championship G16"]
[Site "Prague, Top Hotel Prague"]
[Date "2016.08.24"]
[Round "6.1"]
[White "Tsolakidou, Stavroula"]
[Black "Dimitrova, Aleksandra"]
[Result "1/2-1/2"]
[WhiteElo "2363"]
[BlackElo "2259"]
[PlyCount "96"]
[EventDate "2016.08.18"]

1. d4 Nf6 2. c4 e6 3. g3 d5 4. Bg2 dxc4 5. Nf3 Nc6 6. Qa4 Bb4+ 7. Bd2 Nd5 8.
Qb5 O-O 9. Qxc4 Nb6 10. Qd3 e5 11. Nxe5 Bxd2+ 12. Nxd2 Nxd4 13. e3 Nf5 14. Qxd8
Rxd8 15. Ke2 c6 16. Nd3 Re8 17. Ne4 Nd5 18. Rac1 a5 19. Rhe1 Nb4 20. a3 Nxd3
21. Kxd3 b6 22. Kc2 Be6 23. Ng5 Bd7 24. Red1 Ra7 25. Kb1 c5 26. Bd5 Ba4 27. b3
Bb5 28. a4 Ba6 29. Bc6 Rb8 30. Be4 h6 31. Nf3 Ne7 32. Ne5 Bb7 33. Bd3 Bd5 34.
Kb2 f6 35. Bc4 Bxc4 36. Nxc4 b5 37. axb5 Rxb5 38. Na3 Rb8 39. Rxc5 Rab7 40.
Rxa5 Rxb3+ 41. Kc1 Nc6 42. Ra4 Ne5 43. Rd2 Nf3 44. Rd7 Ne5 45. Rc7 Nd3+ 46. Kc2
Nxf2 47. Raa7 Kh8 48. Rxg7 Rxa3 1/2-1/2

[Event "European Youth Chess Championship G16"]
[Site "Prague, Top Hotel Prague"]
[Date "2016.08.24"]
[Round "6.2"]
[White "Avramidou, Anastasia"]
[Black "Tishova, Svetlana"]
[Result "1/2-1/2"]
[WhiteElo "2244"]
[BlackElo "2012"]
[PlyCount "141"]
[EventDate "2016.08.18"]

1. e4 c6 2. d4 d5 3. Nc3 dxe4 4. Nxe4 Nd7 5. Nf3 Ngf6 6. Ng3 e6 7. Bd3 Qc7 8.
O-O Bd6 9. Qe2 O-O 10. Ne4 Be7 11. Nfg5 Re8 12. Qf3 h6 13. Nh3 c5 14. Bf4 Qc6
15. Nxf6+ Nxf6 16. Qxc6 bxc6 17. dxc5 Bxc5 18. Rfe1 g5 19. Be5 Nd5 20. c4 Nb4
21. Bb1 a5 22. a3 Na6 23. Kf1 Be7 24. Bc2 Nc5 25. b4 Nd7 26. Bc3 Ba6 27. Bd3
Rec8 28. f4 Nb6 29. f5 Nxc4 30. fxe6 Nd2+ 31. Ke2 Ne4 32. exf7+ Kxf7 33. Bb2
axb4 34. axb4 Bxd3+ 35. Kxd3 Rxa1 36. Bxa1 Nf6 37. Bxf6 Kxf6 38. Kc4 Rb8 39.
Rb1 Bd6 40. Nf2 Kf5 41. g3 h5 42. Rb3 g4 43. Nd1 h4 44. Ne3+ Kg5 45. Nc2 Rf8
46. Rd3 Rf6 47. Nd4 Bb8 48. Ra3 h3 49. Ra5+ Kg6 50. Ra2 Kg5 51. Re2 Rh6 52. Re3
Rf6 53. Re8 Ba7 54. Ne6+ Kf5 55. Nf4 Bg1 56. Re2 Rd6 57. Kc3 Rd1 58. Nd3 Rf1
59. Re8 Rf3 60. Re2 Rf1 61. Re8 Rf3 62. Re2 Kg5 63. Kd2 Rxg3 64. hxg3 h2 65.
Rxh2 Bxh2 66. Ne5 Bxg3 67. Nxc6 Bd6 68. Ke2 Kh4 69. Nd4 Bxb4 70. Nf3+ Kh3 71.
Ng5+ 1/2-1/2

[Event "European Youth Chess Championship G16"]
[Site "Prague, Top Hotel Prague"]
[Date "2016.08.24"]
[Round "6.3"]
[White "Garcia, Martin Marta"]
[Black "Broly, Mathilde"]
[Result "1-0"]
[WhiteElo "2229"]
[BlackElo "2098"]
[PlyCount "93"]
[EventDate "2016.08.18"]

1. e4 c5 2. Nf3 d6 3. Bb5+ Bd7 4. Bxd7+ Qxd7 5. O-O g6 6. c3 Bg7 7. d4 e6 8.
Re1 Ne7 9. Bg5 cxd4 10. cxd4 f6 11. Bf4 O-O 12. Nc3 Na6 13. Qb3 Kh8 14. Rad1
Rad8 15. Nb5 Nc8 16. Bg3 h6 17. e5 fxe5 18. dxe5 d5 19. Rc1 b6 20. Nbd4 Nc5 21.
Qc2 Qf7 22. b4 Ne4 23. Qc7 Rd7 24. Qc6 Re7 25. Nb5 Nxg3 26. hxg3 g5 27. Re2 Qf5
28. Qc2 Qg4 29. Nbd4 Ree8 30. Qg6 Re7 31. Rec2 Ree8 32. Rc7 Ne7 33. Qxe6 Qxe6
34. Nxe6 Rf5 35. Nxg7 Kxg7 36. g4 Rf4 37. Rxa7 Rxb4 38. Rcc7 Kf8 39. Rab7 Rb2
40. Nd4 Rb1+ 41. Kh2 Rb4 42. Nf5 Nxf5 43. gxf5 Rxe5 44. Rh7 Kg8 45. f6 Rh4+ 46.
Kg3 Rf4 47. Rbg7+ 1-0

[Event "European Youth Chess Championship G16"]
[Site "Prague, Top Hotel Prague"]
[Date "2016.08.24"]
[Round "6.4"]
[White "Sieber, Fiona"]
[Black "Panainte, Andreea-Bianca"]
[Result "1-0"]
[WhiteElo "2173"]
[BlackElo "1799"]
[PlyCount "41"]
[EventDate "2016.08.18"]

1. e4 e6 2. d4 d5 3. Nc3 dxe4 4. Nxe4 Nd7 5. Nf3 Ngf6 6. Nxf6+ Nxf6 7. c3 Be7
8. Bd3 O-O 9. O-O b6 10. Qe2 Bb7 11. Bf4 Bd6 12. Bg5 Qe7 13. Ne5 h6 14. Bh4 g5
15. Bg3 c5 16. f4 cxd4 17. fxg5 hxg5 18. cxd4 Rad8 19. h4 Bxe5 20. Bxe5 Ne8 21.
Bh7+ 1-0

[Event "European Youth Chess Championship G16"]
[Site "Prague, Top Hotel Prague"]
[Date "2016.08.24"]
[Round "6.5"]
[White "Avetisyan, Mariam"]
[Black "Antolak, Julia"]
[Result "1/2-1/2"]
[WhiteElo "2079"]
[BlackElo "2103"]
[PlyCount "154"]
[EventDate "2016.08.18"]

1. d4 Nf6 2. Nf3 g6 3. Bf4 Bg7 4. e3 O-O 5. Be2 c5 6. c3 b6 7. O-O Bb7 8. h3 d6
9. Nbd2 Nbd7 10. a4 a6 11. Re1 Ra7 12. Bf1 Qa8 13. Qb3 Bc6 14. Qa3 Rc8 15. Qa2
Qb7 16. Ng5 Rf8 17. c4 e5 18. d5 Bxd5 19. cxd5 exf4 20. exf4 h6 21. Nge4 Nxd5
22. Nxd6 Qc6 23. N2e4 Nxf4 24. g3 Ne6 25. Bg2 Qc7 26. Rad1 Nd4 27. f4 Nf6 28.
Nxf6+ Bxf6 29. Ne8 Qd8 30. Nxf6+ Qxf6 31. Re5 Rd7 32. Rde1 Nf5 33. Kh2 Rd3 34.
Be4 Rd2+ 35. Bg2 Kg7 36. R1e2 Rfd8 37. Qc4 R2d4 38. Qc1 Rxa4 39. Be4 Nd4 40.
Rf2 Ne6 41. Qc3 Rad4 42. Qe3 c4 43. Bxg6 Nc5 44. Bc2 Nd3 45. Bxd3 Rxd3 46. Qe1
b5 47. Rfe2 Qd6 48. Qf2 Qd4 49. Qg2 Rd2 50. Rxd2 Qxd2 51. Re2 Qd5 52. Qf2 Rd6
53. Qe1 Qd3 54. g4 Qd4 55. Qc1 b4 56. Rc2 Qd1 57. Qxd1 Rxd1 58. Kg3 Rd3+ 59.
Kf2 Rxh3 60. Rxc4 Rh2+ 61. Ke3 Rxb2 62. Rc5 Ra2 63. Kd3 a5 64. Rb5 Rg2 65. Rxa5
Rxg4 66. Ke4 Rg3 67. Rc5 b3 68. Rb5 Kg6 69. Rb8 f5+ 70. Kd4 Rf3 71. Rb6+ Kf7
72. Ke5 h5 73. Kxf5 h4 74. Rb7+ Kf8 75. Kg4 Rc3 76. Kxh4 Rf3 77. Kg5 Rc3
1/2-1/2

[Event "European Youth Chess Championship G16"]
[Site "Prague, Top Hotel Prague"]
[Date "2016.08.24"]
[Round "6.6"]
[White "Bojicic, Andjela"]
[Black "Radeva, Viktoria"]
[Result "1/2-1/2"]
[WhiteElo "2110"]
[BlackElo "2080"]
[PlyCount "95"]
[EventDate "2016.08.18"]

1. d4 Nf6 2. c4 c5 3. d5 b5 4. cxb5 a6 5. bxa6 g6 6. Nc3 Bg7 7. e4 O-O 8. Nf3
Qa5 9. Bd2 Bxa6 10. Bxa6 Qxa6 11. Qe2 e6 12. Qxa6 Nxa6 13. O-O exd5 14. exd5
Rfb8 15. b3 Nb4 16. Bf4 Re8 17. Rad1 Nh5 18. Bd2 Nxa2 19. Nxa2 Rxa2 20. Rc1 d6
21. b4 cxb4 22. Bxb4 Nf4 23. Rc6 Nxd5 24. Bxd6 Nc3 25. g3 Ne4 26. Bf4 Nc3 27.
Bd6 Rb2 28. Ba3 Rb3 29. Bc5 Nd5 30. Rd6 Nf6 31. Nd2 Rb2 32. Be3 Ng4 33. Bf4 Bf8
34. Rc6 Bg7 35. Rd6 Rc2 36. h3 Ne5 37. Bxe5 Bxe5 38. Rd7 Bc7 39. Nf3 Bb6 40.
Rd2 Rxd2 41. Nxd2 Re2 42. Nf3 Kg7 43. Kg2 f5 44. Ng1 Rb2 45. h4 Kf6 46. Nh3 h6
47. Rc1 Kf7 48. Rc6 1/2-1/2

[Event "European Youth Chess Championship G16"]
[Site "Prague, Top Hotel Prague"]
[Date "2016.08.24"]
[Round "6.7"]
[White "Obolentseva, Alexandra"]
[Black "Polterauer, Chiara"]
[Result "1-0"]
[WhiteElo "2339"]
[BlackElo "2009"]
[PlyCount "99"]
[EventDate "2016.08.18"]

1. d4 d5 2. c4 e6 3. Nc3 Nf6 4. cxd5 exd5 5. Bg5 c6 6. e3 Be7 7. Qc2 O-O 8. Bd3
Nbd7 9. Nf3 g6 10. O-O Nh5 11. Bxe7 Qxe7 12. Rae1 Qd6 13. a3 Ndf6 14. b4 a6 15.
Na4 Ng7 16. Qc5 Qd8 17. Ne5 Nd7 18. Nxd7 Bxd7 19. Qc3 Bf5 20. Nc5 Bxd3 21. Qxd3
Qc7 22. a4 Nf5 23. b5 axb5 24. axb5 Nd6 25. bxc6 bxc6 26. Rb1 Ra5 27. Na6 Qa7
28. Nb4 Rc8 29. Rfc1 Qa8 30. h3 Nc4 31. e4 Rb5 32. Nxd5 Rxd5 33. exd5 cxd5 34.
Rb5 Rb8 35. Rxb8+ Qxb8 36. Rb1 Qf4 37. g3 Qd6 38. Kg2 Qe6 39. Rc1 Kg7 40. Rc2
Qc6 41. Re2 Qd7 42. Qf3 Qd6 43. Qg4 Qf6 44. Re8 Nd6 45. Re5 Ne4 46. Qf4 Qc6 47.
Re7 Nd6 48. Qe5+ Kg8 49. Qf6 h5 50. Rxf7 1-0

[Event "European Youth Chess Championship G16"]
[Site "Prague, Top Hotel Prague"]
[Date "2016.08.24"]
[Round "6.8"]
[White "Protopopova, Anastasiya"]
[Black "Leser, Katrin"]
[Result "0-1"]
[WhiteElo "2108"]
[BlackElo "1979"]
[PlyCount "110"]
[EventDate "2016.08.18"]

1. d4 d5 2. Nf3 Nf6 3. c4 e6 4. g3 Be7 5. Bg2 O-O 6. O-O dxc4 7. Qc2 a6 8. a4
Bd7 9. Qxc4 Bc6 10. Bf4 Nd5 11. Bd2 b5 12. Qc1 Nb6 13. a5 Nc4 14. Bc3 Bd5 15.
Qc2 Nd7 16. e4 Bb7 17. e5 c5 18. b3 cxd4 19. Ng5 Bxg5 20. Bxb7 dxc3 21. Bxa8
Qxa8 22. bxc4 Nxe5 23. f4 Nf3+ 24. Rxf3 Qxf3 25. fxg5 b4 26. Nxc3 bxc3 27. Rd1
Qe3+ 28. Kg2 Rc8 29. Qd3 Qxg5 30. Qxc3 h6 31. Rc1 Rc5 32. Ra1 Qg4 33. Rc1 Qf5
34. Qf3 Qe5 35. Rf1 f6 36. Qa8+ Kh7 37. Qxa6 Rxa5 38. Qb6 Qe4+ 39. Kg1 Ra4 40.
c5 Qe3+ 41. Rf2 f5 42. Kg2 Qe4+ 43. Kh3 Ra1 44. Qb2 Rg1 45. Qe2 Qd5 46. Qc2 g5
47. Qd2 Qc6 48. Qd8 Qxc5 49. Rd2 Kg6 50. Rd7 f4 51. Qg8+ Kf5 52. Rf7+ Ke4 53.
Qa8+ Ke3 54. Rf6 g4+ 55. Kxg4 Qg5+ 0-1

[Event "European Youth Chess Championship G16"]
[Site "Prague, Top Hotel Prague"]
[Date "2016.08.24"]
[Round "6.9"]
[White "Redondo, Benavente Ana"]
[Black "Ayazmali, Gizem"]
[Result "1/2-1/2"]
[WhiteElo "2088"]
[BlackElo "1816"]
[PlyCount "104"]
[EventDate "2016.08.18"]

 1. e4 c5 2. c3 d5 3. exd5 Qxd5 4. d4 Nf6 5.
Nf3 Bg4 6. Be2 cxd4 7. cxd4 e6 8. Nc3 Qa5 9. h3 Bh5 10. O-O a6 11. Re1 Be7 12.
a3 O-O 13. Qb3 Qc7 14. Be3 Nc6 15. Rac1 Bd6 16. d5 exd5 17. Nxd5 Nxd5 18. Qxd5
Bg6 19. Nd4 Rad8 20. Qa2 Qa5 21. Nxc6 bxc6 22. Bf3 c5 23. Qc4 Bd3 24. Qh4 Qc7
25. Bxc5 Bxc5 26. b4 Bxf2+ 27. Qxf2 Qf4 28. Rc5 Bb5 29. Bc6 Qxf2+ 30. Kxf2 Rd2+
31. Kf3 Rd3+ 32. Re3 Rxe3+ 33. Kxe3 Bf1 34. a4 g6 35. Rc1 Rc8 36. Rc5 Rb8 37.
b5 axb5 38. axb5 Kf8 39. Kd4 Ke7 40. Re5+ Kf6 41. h4 Rd8+ 42. Rd5 Rxd5+ 43.
Kxd5 Bxb5 44. Bxb5 Kf5 45. Bd7+ Kf4 46. g4 Kg3 47. Ke5 Kxh4 48. Kf6 g5 49. Kxf7
h5 50. gxh5 Kxh5 51. Kf6 g4 52. Bxg4+ Kxg4 1/2-1/2

[Event "European Youth Chess Championship G16"]
[Site "Prague, Top Hotel Prague"]
[Date "2016.08.24"]
[Round "6.10"]
[White "Sliwicka, Alicja"]
[Black "Stashis, Anna"]
[Result "1-0"]
[WhiteElo "2138"]
[BlackElo "1926"]
[PlyCount "95"]
[EventDate "2016.08.18"]

1. e4 c5 2. Nf3 d6 3. d4 cxd4 4. Nxd4 Nf6 5. f3 e5 6. Bb5+ Bd7 7. Bxd7+ Qxd7 8.
Nf5 d5 9. Bg5 dxe4 10. Bxf6 gxf6 11. fxe4 Qxd1+ 12. Kxd1 Na6 13. Nd2 O-O-O 14.
Ke2 Nc5 15. Rhf1 h5 16. Rf3 Kb8 17. Raf1 Bh6 18. Nxh6 Rxh6 19. g3 h4 20. b4 Nd7
21. g4 Rg6 22. h3 Rc8 23. Kd3 Rc6 24. Nc4 Nf8 25. Ne3 Ne6 26. Nd5 Ng5 27. Re3
Ra6 28. Ra1 Rg8 29. a4 Rd6 30. c4 Ne6 31. c5 Nf4+ 32. Kc4 Re6 33. Rf1 Rd8 34.
Nxf4 exf4 35. Rxf4 Rd1 36. Rf5 Rc1+ 37. Kd3 Rb1 38. Kc3 Rc1+ 39. Kb2 Rc4 40. e5
fxe5 41. Kb3 Rf4 42. Rxf4 exf4 43. Rxe6 fxe6 44. Kc3 Kc7 45. Kd4 a6 46. b5 axb5
47. axb5 Kd7 48. g5 1-0

[Event "European Youth Chess Championship G16"]
[Site "Prague, Top Hotel Prague"]
[Date "2016.08.24"]
[Round "6.11"]
[White "Imperor, Amelie"]
[Black "Rogozenco, Teodora"]
[Result "0-1"]
[WhiteElo "1874"]
[BlackElo "2071"]
[PlyCount "56"]
[EventDate "2016.08.18"]

1. e4 e5 2. Nf3 Nc6 3. Bb5 a6 4. Bxc6 dxc6 5. O-O Be7 6. d4 exd4 7. Nxd4 Qd6 8.
Nc3 Bd7 9. Be3 O-O-O 10. Qe2 Nh6 11. f3 Rhe8 12. Nb3 Qe5 13. Rfd1 Qh5 14. Na4
Bd6 15. Nb6+ Kb8 16. Nxd7+ Rxd7 17. g4 Qg6 18. Kh1 Nxg4 19. Nc5 Bxc5 20. Bxc5
Rxd1+ 21. Rxd1 Qh5 22. Bd4 Nxh2 23. Kg2 Qg5+ 24. Kxh2 Re6 25. Bxg7 Qxg7 26.
Rd8+ Ka7 27. Qf2+ b6 28. Qg3 Rh6+ 0-1

[Event "European Youth Chess Championship G16"]
[Site "Prague, Top Hotel Prague"]
[Date "2016.08.24"]
[Round "6.12"]
[White "Mirza, Diana"]
[Black "Cvitan, Ena"]
[Result "1/2-1/2"]
[WhiteElo "1925"]
[BlackElo "2045"]
[PlyCount "89"]
[EventDate "2016.08.18"]

1. e4 c5 2. Nf3 d6 3. c3 Nf6 4. Bd3 g6 5. O-O Bg7 6. Bc2 e5 7. d4 Qc7 8. Na3 a6
9. dxe5 dxe5 10. Nc4 O-O 11. Ncxe5 c4 12. Bf4 Nh5 13. Nxg6 Nxf4 14. Nxf8 Kxf8
15. e5 Bg4 16. Qd6+ Qxd6 17. exd6 Bxf3 18. gxf3 Nd7 19. Bxh7 Ne5 20. Be4 Rd8
21. Bxb7 Rxd6 22. Be4 Ned3 23. Rad1 Be5 24. Rd2 Nh3+ 25. Kh1 Bf4 26. Re2 Rh6
27. Bf5 Ng5 28. h3 Nxh3 29. Kg2 Bc7 30. Re4 Nhf4+ 31. Kg1 Nc5 32. Re3 Nce6 33.
Rd1 Bb6 34. Ree1 Ng5 35. Bg4 f5 36. Re5 Nfh3+ 37. Kg2 fxg4 38. fxg4 Nf4+ 39.
Kg3 Nge6 40. g5 Rh3+ 41. Kg4 Rd3 42. Rde1 Bxf2 $11 43. Rxe6 Bxe1 44. Rf6+ Kg7
45. Rxf4 1/2-1/2

[Event "European Youth Chess Championship G16"]
[Site "Prague, Top Hotel Prague"]
[Date "2016.08.24"]
[Round "6.13"]
[White "Kochukova, Anna"]
[Black "Limanovska, Elizabete"]
[Result "1-0"]
[WhiteElo "2041"]
[BlackElo "1924"]
[PlyCount "69"]
[EventDate "2016.08.18"]

1. e4 c5 2. Nf3 d6 3. d4 cxd4 4. Nxd4 Nf6 5. Nc3 a6 6. Bc4 e6 7. a3 Be7 8. Ba2
Nc6 9. O-O O-O 10. Kh1 Qc7 11. f4 b5 12. f5 Nxd4 13. Qxd4 e5 14. Qd3 Bb7 15.
Bg5 Rad8 16. Bxf6 Bxf6 17. Bd5 Kh8 18. Bxb7 Qxb7 19. Nd5 Bg5 20. Rad1 f6 21.
Rf3 Rc8 22. Qe2 Qf7 23. Rfd3 Rfd8 24. c3 Qe8 25. Qg4 a5 26. h4 h5 27. Qg3 Bh6
28. Qf2 Rc6 29. Rg3 Qf7 30. Rg6 Rc4 31. Qe2 a4 32. Qxh5 Qf8 33. Nxf6 d5 34.
Nxd5 Rxe4 35. f6 1-0

[Event "European Youth Chess Championship G16"]
[Site "Prague, Top Hotel Prague"]
[Date "2016.08.24"]
[Round "6.14"]
[White "Greibrokk, Ingrid"]
[Black "Koehler, Inken"]
[Result "0-1"]
[WhiteElo "1912"]
[BlackElo "2008"]
[PlyCount "100"]
[EventDate "2016.08.18"]

1. e4 c5 2. Nf3 e6 3. d4 cxd4 4. Nxd4 a6 5. c4 Qc7 6. a3 Nf6 7. Nc3 Be7 8. Bd3
d6 9. O-O Bd7 10. Kh1 Nc6 11. Be3 Ne5 12. Rc1 Rc8 13. b3 Neg4 14. Nc2 d5 15. g3
Nxe3 16. fxe3 dxc4 17. bxc4 b5 18. Be2 bxc4 19. Qd4 e5 20. Qd1 Bh3 21. Rf2 Qa5
22. Nb4 Bxb4 23. axb4 Qxb4 24. Nd5 Nxe4 25. Rf3 Qd2 26. Nb6 Rc6 27. Nxc4 Qxd1+
28. Bxd1 Bg4 29. Rxf7 Kxf7 30. Nxe5+ Ke6 31. Bxg4+ Kxe5 32. Rxc6 Nf2+ 33. Kg2
Nxg4 34. Rxa6 Nxe3+ 35. Kf3 Nd5 36. Ra7 g6 37. g4 h5 38. gxh5 Rxh5 39. Kg3 Rg5+
40. Kf2 Rg4 41. Ra5 Rb4 42. Kg3 Rd4 43. Ra8 Kf5 44. Ra5 Rd3+ 45. Kf2 Kg4 46.
Ra6 Nf4 47. Rf6 Rd2+ 48. Kg1 Kf3 49. h4 Kg3 50. Kf1 Rd1# 0-1

[Event "European Youth Chess Championship G16"]
[Site "Prague, Top Hotel Prague"]
[Date "2016.08.24"]
[Round "6.15"]
[White "Cieslak, Wiktoria"]
[Black "Hrescak, Ivana"]
[Result "1-0"]
[WhiteElo "1865"]
[BlackElo "2007"]
[PlyCount "65"]
[EventDate "2016.08.18"]

1. e4 c5 2. Nf3 d6 3. d4 cxd4 4. Nxd4 Nf6 5. Nc3 a6 6. Bg5 e6 7. f4 Qb6 8. a3
Nc6 9. Nb3 Be7 10. Qd2 h6 11. Bxf6 gxf6 12. O-O-O Bd7 13. Be2 Na5 14. Nxa5 Qxa5
15. Kb1 Rc8 16. Rhe1 b5 17. Bf3 Qb6 18. e5 fxe5 19. fxe5 d5 20. Bxd5 b4 21. Bb3
Qb7 22. Ne4 bxa3 23. bxa3 a5 24. Nf6+ Bxf6 25. exf6 Qc7 26. Re4 Bc6 27. Rc4 Qb7
28. Qd6 Qc7 29. Rxc6 Qxd6 30. Rxc8+ Kd7 31. Rxd6+ Kxc8 32. Ba4 Rg8 33. Bd7+ 1-0

[Event "European Youth Chess Championship G16"]
[Site "Prague, Top Hotel Prague"]
[Date "2016.08.24"]
[Round "6.16"]
[White "Scarpa, Silvia"]
[Black "Waechter, Nathalie"]
[Result "1/2-1/2"]
[WhiteElo "1848"]
[BlackElo "1993"]
[PlyCount "96"]
[EventDate "2016.08.18"]

1. e4 e6 2. d4 d5 3. e5 c5 4. c3 a6 5. Nf3 Nc6 6. Be2 Nh6 7. O-O Nf5 8. dxc5
Bxc5 9. b4 Be7 10. a3 Qc7 11. Re1 O-O 12. Bd3 f6 13. Bxf5 exf5 14. Qxd5+ Kh8
15. Bf4 fxe5 16. Nxe5 Nxe5 17. Qxe5 Qxe5 18. Bxe5 Bg5 19. f4 Bh4 20. g3 Bd8 21.
c4 Bd7 22. Nd2 Rc8 23. Rac1 Kg8 24. Nb3 Bc6 25. Nd4 Be4 26. Ne6 Re8 27. Nxd8
Rexd8 28. Re2 Rd3 29. Bb2 Rcd8 30. Rce1 Kf7 31. c5 $11 g6 32. Bc1 Ke6 33. Re3
Rxe3 34. Bxe3 Rd3 35. Bc1 Kd5 36. Kf2 Rf3+ 37. Kg1 Rc3 38. Rd1+ Kc4 39. Bb2 Rc2
40. Rc1 Kb3 41. Rxc2 Kxc2 42. Be5 $11 Kb3 43. Kf2 Kxa3 44. Bc3 Kb3 45. Be1 Kc4
46. Ke3 Bg2 47. Kf2 Bh3 48. Ke3 Bg2 $11 1/2-1/2

[Event "European Youth Chess Championship G16"]
[Site "Prague, Top Hotel Prague"]
[Date "2016.08.24"]
[Round "6.17"]
[White "Brunova, Blanka"]
[Black "Frej, Zofia"]
[Result "0-1"]
[WhiteElo "1992"]
[BlackElo "1881"]
[PlyCount "66"]
[EventDate "2016.08.18"]

1. e4 e6 2. d4 d5 3. Nd2 dxe4 4. Nxe4 Nd7 5. Nf3 Ngf6 6. Bd3 Nxe4 7. Bxe4 Nf6
8. Bg5 c5 9. c3 cxd4 10. Nxd4 Bc5 11. Qd3 Bxd4 12. cxd4 Qa5+ 13. Bd2 Qb6 14.
Bf3 O-O 15. O-O Bd7 16. Rfc1 Rac8 17. b3 h6 18. a4 Nd5 19. Rc4 Qa6 20. Be2 Qd6
21. Qe4 Bc6 22. Qg4 f5 23. Qh3 Rf6 24. b4 Nb6 25. Rc5 Rg6 26. Bf1 Qxd4 27. Bc3
Qd7 28. a5 Na4 29. Rc4 Bxg2 30. Rxc8+ Qxc8 31. Bxg2 Nxc3 32. Qf3 Nd5 33. b5 Qc4
0-1

[Event "European Youth Chess Championship G16"]
[Site "Prague, Top Hotel Prague"]
[Date "2016.08.24"]
[Round "6.18"]
[White "Nemeth, Noemi Anna"]
[Black "Grigoryan, Arpine"]
[Result "0-1"]
[WhiteElo "1690"]
[BlackElo "1964"]
[PlyCount "70"]
[EventDate "2016.08.18"]

1. d4 Nf6 2. c4 e6 3. Nc3 Bb4 4. Bd2 O-O 5. Qc2 b6 6. e4 d5 7. e5 Bxc3 8. bxc3
Ne4 9. Be3 f5 10. h4 f4 11. Bc1 h6 12. Bd3 Bb7 13. Qd1 dxc4 14. Bxc4 Nxc3 15.
Bxe6+ Kh8 16. Qd3 Ne4 17. Ne2 Nc5 18. Qg6 Be4 19. Qg4 Nd3+ 20. Kf1 Nxe5 21. Qh5
Nbc6 22. Bxf4 Bg6 23. Qg5 hxg5 24. hxg5+ Bh7 25. dxe5 Rxf4 26. Nxf4 Qxg5 27. g3
Nxe5 28. Rh5 Qf6 29. Kg2 g6 30. Rh6 Ng4 31. Rhh1 Nxf2 32. Kxf2 g5 33. Bd5 Re8
34. Rac1 gxf4 35. g4 Qd4+ 0-1

[Event "European Youth Chess Championship G16"]
[Site "Prague, Top Hotel Prague"]
[Date "2016.08.24"]
[Round "6.19"]
[White "Jibuti, Nata"]
[Black "Vrtiakova, Anna"]
[Result "1-0"]
[WhiteElo "1761"]
[BlackElo "1952"]
[PlyCount "57"]
[EventDate "2016.08.18"]

1. e4 c5 2. Nf3 d6 3. c3 Nf6 4. Be2 e6 5. O-O Be7 6. Re1 O-O 7. Bf1 Nc6 8. d4
d5 9. e5 Nd7 10. a3 a6 11. Bd3 c4 12. Bc2 b5 13. Nbd2 a5 14. Nf1 Ba6 15. Bf4 b4
16. axb4 axb4 17. Qd2 Nb6 18. Ng5 g6 19. Qe3 Bb5 20. Rxa8 Nxa8 21. Qg3 Kg7 22.
Re3 Rh8 23. Rf3 Qd7 24. Bd2 f5 25. exf6+ Bxf6 26. Nxh7 Ne7 27. Nxf6 Qa7 28. Qe5
Nc6 29. Ne8+ 1-0

[Event "European Youth Chess Championship G16"]
[Site "Prague, Top Hotel Prague"]
[Date "2016.08.24"]
[Round "6.20"]
[White "Nilssen, Ellen Fredericia"]
[Black "Ayan, Bengu Sena"]
[Result "0-1"]
[WhiteElo "1947"]
[BlackElo "1835"]
[PlyCount "70"]
[EventDate "2016.08.18"]

1. d4 d5 2. c4 c6 3. Nc3 Nf6 4. Nf3 e6 5. e3 Nbd7 6. Bd3 a6 7. a4 Bd6 8. O-O
O-O 9. c5 Bc7 10. b4 e5 11. Be2 e4 12. Nd2 Ne8 13. Nb3 Qh4 14. g3 Qh6 15. b5
Ndf6 16. f3 Bh3 17. Rf2 Qg6 18. Bf1 Bxf1 19. Qxf1 exf3 20. b6 Bxg3 21. hxg3
Qxg3+ 22. Kh1 Ng4 23. Raa2 Nxf2+ 24. Rxf2 f5 25. Rxf3 Qg4 26. Ne2 Rf6 27. Rg3
Qe4+ 28. Qf3 Qc2 29. Na5 Rb8 30. Rg2 Rh6+ 31. Rh2 Qd1+ 32. Kg2 Rg6+ 33. Kf2 Nf6
34. Rh4 Ne4+ 35. Rxe4 fxe4 0-1

[Event "European Youth Chess Championship G16"]
[Site "Prague, Top Hotel Prague"]
[Date "2016.08.24"]
[Round "6.21"]
[White "Tomic, Jelena"]
[Black "Pasoglou, Ekaterini"]
[Result "0-1"]
[WhiteElo "1631"]
[BlackElo "1938"]
[PlyCount "114"]
[EventDate "2016.08.18"]

1. e4 c5 2. c3 Nf6 3. e5 Nd5 4. Nf3 e6 5. d4 cxd4 6. cxd4 d6 7. Bc4 Nc6 8. a3
Be7 9. exd6 Qxd6 10. O-O O-O 11. Nc3 Nxc3 12. bxc3 b6 13. Qd3 Na5 14. Ba2 Bb7
15. Ng5 g6 16. Qh3 h5 17. Qd3 Qc6 18. f3 Bxg5 19. Bxg5 Rac8 20. Rfc1 Nc4 21.
Bxc4 Qxc4 22. Qd2 Kh7 23. Bf6 Qd5 24. Re1 Qf5 25. Be7 Rfe8 26. Re5 Qxe5 27.
dxe5 Rxe7 28. Rd1 Rec7 29. Qf4 Kg8 30. Qf6 Bd5 31. Rd4 Rc4 32. Qe7 R8c7 33.
Qd8+ Kg7 34. Qb8 Rxd4 35. cxd4 Rb7 36. Qd6 a5 37. Qd8 a4 38. Kf2 b5 39. Qa5 Rb8
40. Qb4 Bc4 41. g4 hxg4 42. fxg4 Rd8 43. Ke3 Rh8 44. Qd2 Rh3+ 45. Kf4 Rxa3 46.
Kg5 Rf3 47. h4 a3 48. h5 gxh5 49. gxh5 Rf5+ 50. Kh4 a2 51. h6+ Kh7 52. Qe1 Bd3
53. Qg1 Kxh6 54. Qg8 Rh5+ 55. Kg4 Be2+ 56. Kf4 Rf5+ 57. Ke4 a1=Q 0-1

[Event "European Youth Chess Championship G16"]
[Site "Prague, Top Hotel Prague"]
[Date "2016.08.24"]
[Round "6.22"]
[White "Olde, Margareth"]
[Black "Karykowska, Anna"]
[Result "0-1"]
[WhiteElo "2059"]
[BlackElo "1772"]
[PlyCount "120"]
[EventDate "2016.08.18"]

1. c4 c5 2. Nc3 Nc6 3. g3 e5 4. Bg2 g6 5. Nf3 Bg7 6. O-O Nge7 7. d3 O-O 8. Rb1
d6 9. a3 a5 10. Bd2 h6 11. Ne1 Be6 12. Nd5 Rb8 13. b4 axb4 14. axb4 cxb4 15.
Nxb4 Nxb4 16. Rxb4 d5 17. cxd5 Nxd5 18. Rb1 b5 19. Nc2 Qd7 20. Nb4 Rfc8 21.
Nxd5 Bxd5 22. e4 Be6 23. Bb4 Bf8 24. Qd2 Bxb4 25. Rxb4 Kg7 26. Rfb1 Rd8 27. Bf1
Qe8 28. Qb2 Bd7 29. Ra1 Kg8 30. Rc1 Rdc8 31. Rd1 Bc6 32. Ra1 Ra8 33. Rb1 Qe6
34. Qd2 Kh7 35. R4b2 Rd8 36. Qe3 Rd4 37. Qc1 Rc8 38. Qe1 Ra8 39. Rc2 Bd7 40.
Rc5 Ra2 41. Rc3 Qd6 42. Rcb3 Rda4 43. Qe3 Qf6 44. h4 Rc2 45. Rc1 Rxc1 46. Qxc1
Ra2 47. Qe1 h5 48. Rb1 Qd6 49. Qd1 Qd4 50. Qe1 Rb2 51. Rc1 b4 52. Rc4 Qb6 53.
Be2 Be6 54. Rc1 b3 55. Bd1 Qd4 56. Be2 Rc2 57. Rb1 b2 58. Qd1 Qc3 59. Kg2 Rc1
60. Qa4 Rxb1 0-1

[Event "European Youth Chess Championship G16"]
[Site "Prague, Top Hotel Prague"]
[Date "2016.08.24"]
[Round "6.24"]
[White "Nemcova, Kamila"]
[Black "Egyed, Judit"]
[Result "0-1"]
[WhiteElo "1774"]
[BlackElo "1979"]
[PlyCount "54"]
[EventDate "2016.08.18"]

1. e4 d6 2. d4 Nf6 3. Nc3 g6 4. f4 Bg7 5. Nf3 c5 6. dxc5 Qa5 7. Bd2 Qxc5 8. Qe2
O-O 9. O-O-O a6 10. a3 b5 11. Qe3 Qc7 12. Nd5 Nxd5 13. exd5 Bb7 14. Qd3 Nd7 15.
Be3 Nf6 16. Qb3 Rac8 17. Ne1 Bxd5 18. Rxd5 Nxd5 19. Qxd5 Bxb2+ 20. Kb1 Bg7 21.
Bd4 e5 22. fxe5 dxe5 23. Bb2 Rfd8 24. Qf3 e4 25. Qe2 Bxb2 26. Kxb2 Qc3+ 27. Kb1
Rc4 0-1

[Event "European Youth Chess Championship G16"]
[Site "Prague, Top Hotel Prague"]
[Date "2016.08.24"]
[Round "6.25"]
[White "Koridze, Lile"]
[Black "Giordano, Giulia"]
[Result "1-0"]
[WhiteElo "1937"]
[BlackElo "1831"]
[PlyCount "67"]
[EventDate "2016.08.18"]

1. d4 d5 2. c4 e6 3. Nc3 Nf6 4. Nf3 c6 5. Bf4 dxc4 6. e3 b5 7. Ne5 Bb7 8. Qf3
Bb4 9. Be2 O-O 10. Bg5 Qa5 11. O-O Nd5 12. Nxd5 cxd5 13. Qg4 Qc7 14. Bf6 g6 15.
Qg5 Re8 16. Ng4 Nd7 17. f4 Bf8 18. Rf3 h5 19. Rh3 Bg7 20. Bxg7 Kxg7 21. Qh6+
Kg8 22. Ne5 Nxe5 23. fxe5 Qe7 24. Bxh5 Qf8 25. Qg5 Qg7 26. Be2 b4 27. Rf1 Rec8
28. Bd1 c3 29. bxc3 Rxc3 30. Be2 Rac8 31. Qe7 Ba8 32. Ba6 Rb8 33. Qxa7 Qf8 34.
Rhf3 1-0